000 00258nam a22001097a 4500
082 _a629.24 HEL'A
100 _aHELDT, P. M
_979198
245 _aTHE AUTOMOTIVE CHASSIS WITHOUT POWERPLANT
260 _aNEWYORK
_bCHILTON
_c1952
300 _a616P
942 _cBK
999 _c584256
_d584256